Normal view
MARC view
- Stallings, William:Stallings, Willaim
Entry Personal Name
001 - CONTROL NUMBER
- control field: 67499
003 - CONTROL NUMBER IDENTIFIER
- control field: NUST
005 - DATE AND TIME OF LATEST TRANSACTION
- control field: 20210628203832.0
008 - FIXED-LENGTH DATA ELEMENTS
- fixed length control field: 210628|| aca||aabn | a|a d
040 ## - CATALOGING SOURCE
- Original cataloging agency: NUST
- Transcribing agency: NUST
100 ## - HEADING--PERSONAL NAME
- Personal name: Stallings, William:Stallings, Willaim
670 ## - SOURCE DATA FOUND
- Source citation: Work cat.: (NUST): Stallings, William:Stallings, Willaim, Cryptography and network security;principles and practice, 2003
